[Event "c14"]
[Site "?"]
[Date "2020.08.25"]
[Round "7.4"]
[White "Trzebinski, Patryk"]
[Black "Zdybel, Przemyslaw"]
[Result "0-1"]
[BlackElo "1455"]
[WhiteElo "1815"]
[LiveChessVersion "1.4.8"]

1. e4 {[%clk 0:15:17]} c5 {[%clk 0:15:17]} 2. Nf3 {[%clk 0:15:26]} d6
{[%clk 0:15:26]} 3. d4 {[%clk 0:15:35]} cxd4 {[%clk 0:15:34]} 4. Nxd4
{[%clk 0:15:44]} Nf6 {[%clk 0:15:43]} 5. Nc3 {[%clk 0:15:53]} a6 {[%clk 0:15:51]}
6. Be3 {[%clk 0:16:01]} e5 {[%clk 0:15:59]} 7. Nb3 {[%clk 0:16:09]} Be6
{[%clk 0:16:07]} 8. f4 {[%clk 0:15:47]} exf4 {[%clk 0:15:46]} 9. Bxf4
{[%clk 0:15:54]} Nc6 {[%clk 0:15:41]} 10. h3 {[%clk 0:16:02]} Ne5
{[%clk 0:15:32]} 11. Qe2 {[%clk 0:15:43]} Nfd7 {[%clk 0:14:48]} 12. O-O-O
{[%clk 0:15:46]} Be7 {[%clk 0:14:51]} 13. g4 {[%clk 0:15:49]} b5 {[%clk 0:14:33]}
14. Kb1 {[%clk 0:15:13]} b4 {[%clk 0:12:58]} 15. Nd5 {[%clk 0:14:34]} Bxd5
{[%clk 0:13:05]} 16. Rxd5 {[%clk 0:14:40]} a5 {[%clk 0:12:53]} 17. g5
{[%clk 0:06:47]} O-O {[%clk 0:12:38]} 18. h4 {[%clk 0:06:49]} a4 {[%clk 0:11:26]}
19. Nd4 {[%clk 0:06:26]} Qc7 {[%clk 0:07:24]} 20. Nf5 {[%clk 0:04:04]} Nb6
{[%clk 0:05:58]} 21. Rd4 {[%clk 0:03:56]} Rfc8 {[%clk 0:03:35]} 22. Bh3
{[%clk 0:03:08]} Rcb8 {[%clk 0:03:01]} 23. h5 {[%clk 0:02:23]} a3
{[%clk 0:02:29]} 24. Nxe7+ {[%clk 0:02:10]} Qxe7 {[%clk 0:02:37]} 25. b3
{[%clk 0:02:05]} Qc7 {[%clk 0:01:57]} 26. Bc1 {[%clk 0:01:34]} Nbd7
{[%clk 0:01:21]} 27. Bxd7 {[%clk 0:01:19]} Qxd7 {[%clk 0:01:21]} 28. Bf4
{[%clk 0:01:26]} Qc7 {[%clk 0:01:26]} 29. Bxe5 {[%clk 0:01:34]} Qc3
{[%clk 0:01:07]} 30. Rc4 {[%clk 0:00:34]} Qxe5 {[%clk 0:01:13]} 31. c3
{[%clk 0:00:44]} bxc3 {[%clk 0:01:16]} 32. g6 {[%clk 0:00:53]} Rc8
{[%clk 0:00:39]} 33. gxf7+ {[%clk 0:01:01]} Kh8 {[%clk 0:00:46]} 34. Rf1
{[%clk 0:00:55]} Rf8 {[%clk 0:00:48]} 35. Kc2 {[%clk 0:00:44]} h6
{[%clk 0:00:31]} 36. Rf5 {[%clk 0:00:34]} Qe6 {[%clk 0:00:36]} 37. Qd3
{[%clk 0:00:35]} Rxf7 {[%clk 0:00:32]} 38. Rxf7 {[%clk 0:00:40]} Qxf7
{[%clk 0:00:41]} 39. Qxd6 {[%clk 0:00:33]} Qf2+ {[%clk 0:00:44]} 40. Kxc3
{[%clk 0:00:35]} Qxa2 {[%clk 0:00:44]} 41. Ra4 {[%clk 0:00:29]} Qa1+
{[%clk 0:00:38]} 42. Kb4 {[%clk 0:00:34]} Rxa4+ {[%clk 0:00:30]} 43. Kxa4
{[%clk 0:00:40]} a2 {[%clk 0:00:34]} 44. Qf8+ {[%clk 0:00:28]} Kh7
{[%clk 0:00:40]} 45. Qf5+ {[%clk 0:00:36]} Kg8 {[%clk 0:00:47]} 46. Qe6+
{[%clk 0:00:39]} Kf8 {[%clk 0:00:55]} 47. Qd6+ {[%clk 0:00:46]} Kf7
{[%clk 0:01:02]} 48. Qd7+ {[%clk 0:00:51]} Kf6 {[%clk 0:01:07]} 49. e5+
{[%clk 0:01:01]} Qxe5 {[%clk 0:01:13]} 50. Qd8+ {[%clk 0:01:00]} Kf7
{[%clk 0:01:20]} 51. Qd7+ {[%clk 0:01:08]} Kf8 {[%clk 0:01:24]} 52. Kb4 0-1

[Event "c14"]
[Site "?"]
[Date "2020.08.25"]
[Round "7.5"]
[White "Karolczuk, Iwo"]
[Black "Kutowski, Marcel"]
[Result "1-0"]
[BlackElo "1819"]
[WhiteElo "1951"]
[LiveChessVersion "1.4.8"]

1. d4 Nf6 2. Nf3 e6 3. e3 b6 4. Bd3 d5 5. O-O Bd6 6. b3 O-O 7. c4 Bb7 8. cxd5
exd5 9. Ba3 Bxa3 10. Nxa3 Qe7 11. Nb5 a6 12. Nc3 Nbd7 13. Rc1 c5 14. Qe2 Ne4 15.
Rfd1 b5 16. dxc5 Ndxc5 17. Bb1 Rfd8 18. Nd4 Rac8 19. f3 Nxc3 20. Rxc3 Ne6 21. Qd3
g6 22. Rdc1 Nc5 23. Qe2 b4 24. R3c2 a5 25. Rd2 Ba6 26. Qe1 Nd3 27. Rxd3 Rxc1 28.
Qxc1 Rc8 29. Qd2 Qc7 30. Bc2 Bxd3 31. Qxd3 Qe5 32. f4 Qe7 33. Ne2 Re8 34. Kf2 Rc8
35. g3 h5 36. Bb1 Re8 37. f5 g5 38. Nd4 Qe5 39. Bc2 h4 40. Nf3 hxg3+ 41. hxg3 Qb2
42. Nd4 f6 43. Qb5 Rc8 44. Qxd5+ Kf8 45. Qd6+ Ke8 46. Qe6+ Kd8 47. Qxf6+ Ke8 48.
Qe6+ Kd8 49. Qg8+ Kd7 50. Qd5+ Ke8 51. Qe4+ Kd8 52. f6 1-0

[Event "c14"]
[Site "?"]
[Date "2020.08.25"]
[Round "7.6"]
[White "Rog, Bartlomiej"]
[Black "Bancarewicz, Aleks"]
[Result "0-1"]
[BlackElo "1647"]
[WhiteElo "1550"]
[LiveChessVersion "1.4.8"]

1. e4 {[%clk 0:15:19]} c5 {[%clk 0:15:18]} 2. Nf3 {[%clk 0:15:18]} d6
{[%clk 0:15:26]} 3. d4 {[%clk 0:15:38]} cxd4 {[%clk 0:15:33]} 4. Nxd4
{[%clk 0:15:47]} Nf6 {[%clk 0:15:37]} 5. Nc3 {[%clk 0:15:56]} a6 {[%clk 0:15:44]}
6. Bc4 {[%clk 0:16:06]} e6 {[%clk 0:15:27]} 7. Bb3 {[%clk 0:16:15]} Nbd7
{[%clk 0:14:45]} 8. Bg5 {[%clk 0:16:13]} Nc5 {[%clk 0:14:33]} 9. Qf3
{[%clk 0:16:22]} Be7 {[%clk 0:13:54]} 10. O-O-O {[%clk 0:16:29]} Nxb3+
{[%clk 0:13:19]} 11. Nxb3 {[%clk 0:15:41]} Qc7 {[%clk 0:13:08]} 12. Qg3
{[%clk 0:15:30]} b5 {[%clk 0:10:50]} 13. Bxf6 {[%clk 0:13:13]} gxf6
{[%clk 0:10:56]} 14. Qg7 {[%clk 0:13:22]} Rf8 {[%clk 0:10:48]} 15. Qxh7
{[%clk 0:10:07]} b4 {[%clk 0:10:27]} 16. Ne2 {[%clk 0:09:24]} a5 {[%clk 0:10:09]}
17. Kb1 {[%clk 0:08:36]} a4 {[%clk 0:08:46]} 18. Nbc1 {[%clk 0:08:13]} Bb7
{[%clk 0:05:09]} 19. Rd4 {[%clk 0:05:30]} Rc8 {[%clk 0:04:03]} 20. c3
{[%clk 0:04:40]} bxc3 {[%clk 0:03:46]} 21. Nxc3 {[%clk 0:04:41]} a3
{[%clk 0:03:55]} 22. Rd3 {[%clk 0:03:32]} f5 {[%clk 0:02:24]} 23. f3
{[%clk 0:02:30]} fxe4 {[%clk 0:01:35]} 24. fxe4 {[%clk 0:02:39]} axb2
{[%clk 0:01:28]} 25. N1e2 {[%clk 0:01:19]} Ba6 {[%clk 0:01:34]} 26. Rd2
{[%clk 0:01:28]} Bxe2 {[%clk 0:01:29]} 27. Nxe2 {[%clk 0:01:37]} Bf6
{[%clk 0:00:36]} 28. e5 {[%clk 0:01:28]} Bxe5 {[%clk 0:00:38]} 29. Rc2
{[%clk 0:01:37]} Qxc2+ {[%clk 0:00:28]} 30. Qxc2 {[%clk 0:01:46]} Rxc2
{[%clk 0:00:36]} 31. Kxc2 {[%clk 0:01:55]} Ke7 {[%clk 0:00:39]} 32. h3
{[%clk 0:00:50]} Ra8 33. Kb1 {[%clk 0:00:50]} d5 {[%clk 0:15:10]} 34. Rd1
{[%clk 0:00:48]} Ra4 {[%clk 0:00:20]} 35. Rd3 {[%clk 0:00:59]} Rc4
{[%clk 0:00:19]} 36. Re3 {[%clk 0:00:41]} Kd6 {[%clk 0:00:25]} 37. Rb3
{[%clk 0:00:36]} f5 {[%clk 0:00:25]} 38. a4 {[%clk 0:00:24]} Rxa4
{[%clk 0:00:31]} 39. Nc3 {[%clk 0:00:33]} Bxc3 {[%clk 0:00:24]} 40. Rxc3
{[%clk 0:00:42]} Rb4 {[%clk 0:00:34]} 41. Rc2 {[%clk 0:00:39]} d4
{[%clk 0:00:28]} 42. h4 {[%clk 0:00:44]} e5 {[%clk 0:00:28]} 43. g3
{[%clk 0:00:47]} d3 {[%clk 0:00:25]} 44. Rf2 {[%clk 0:00:56]} Ke6
{[%clk 0:00:24]} 45. h5 e4 46. h6 {[%clk 0:01:12]} e3 {[%clk 0:00:29]} 47. Rf3
{[%clk 0:01:12]} e2 {[%clk 0:00:32]} 48. Re3+ {[%clk 0:01:14]} Re4
{[%clk 0:00:27]} 0-1

[Event "c14"]
[Site "?"]
[Date "2020.08.25"]
[Round "7.7"]
[White "Matela, Krzysztof"]
[Black "Paszkowski, Krystian"]
[Result "1/2-1/2"]
[BlackElo "1727"]
[WhiteElo "1706"]
[LiveChessVersion "1.4.8"]

1. Nf3 {[%clk 0:15:19]} c5 {[%clk 0:15:16]} 2. g3 {[%clk 0:15:28]} g6
{[%clk 0:15:04]} 3. Bg2 {[%clk 0:15:37]} Bg7 {[%clk 0:15:12]} 4. O-O
{[%clk 0:15:44]} Nc6 {[%clk 0:15:15]} 5. d3 {[%clk 0:15:53]} e5 {[%clk 0:15:20]}
6. Nbd2 {[%clk 0:16:00]} Nge7 {[%clk 0:15:28]} 7. e4 {[%clk 0:16:09]} O-O
{[%clk 0:15:34]} 8. Re1 {[%clk 0:16:17]} d6 {[%clk 0:15:38]} 9. Nf1
{[%clk 0:16:21]} h6 {[%clk 0:14:30]} 10. a3 {[%clk 0:16:12]} Be6 {[%clk 0:13:59]}
11. Bd2 {[%clk 0:16:09]} f5 {[%clk 0:11:04]} 12. b4 {[%clk 0:14:32]} f4
{[%clk 0:07:47]} 13. Rb1 {[%clk 0:13:39]} Qd7 {[%clk 0:06:18]} 14. h4
{[%clk 0:12:38]} fxg3 {[%clk 0:05:09]} 15. fxg3 {[%clk 0:12:33]} Nd4
{[%clk 0:04:53]} 16. Nxd4 {[%clk 0:12:21]} cxd4 {[%clk 0:04:58]} 17. c4
{[%clk 0:11:53]} Bh3 {[%clk 0:03:53]} 18. Nh2 {[%clk 0:11:46]} Bxg2
{[%clk 0:02:34]} 19. Kxg2 {[%clk 0:11:53]} Rf7 {[%clk 0:01:55]} 20. Qg4
{[%clk 0:11:31]} Qxg4 {[%clk 0:01:35]} 21. Nxg4 {[%clk 0:11:40]} Kh7
{[%clk 0:01:28]} 22. Rf1 {[%clk 0:11:36]} Raf8 {[%clk 0:01:31]} 23. Rxf7
{[%clk 0:11:45]} Rxf7 {[%clk 0:01:39]} 24. Rf1 {[%clk 0:11:53]} Rxf1
{[%clk 0:01:21]} 25. Kxf1 {[%clk 0:12:02]} h5 {[%clk 0:01:23]} 26. Bg5
{[%clk 0:10:26]} Ng8 {[%clk 0:01:29]} 27. Nh2 {[%clk 0:10:20]} Bf6
{[%clk 0:01:27]} 28. Nf3 {[%clk 0:10:28]} Kg7 {[%clk 0:01:29]} 29. Ke2
{[%clk 0:10:37]} Nh6 {[%clk 0:01:12]} 30. Bc1 {[%clk 0:10:13]} Nf7
{[%clk 0:01:07]} 31. a4 {[%clk 0:10:15]} b6 {[%clk 0:00:40]} 32. Kd1
{[%clk 0:09:54]} Nd8 {[%clk 0:00:28]} 33. Kc2 {[%clk 0:10:00]} Be7
{[%clk 0:00:19]} 34. Kb3 {[%clk 0:10:01]} Nb7 {[%clk 0:00:20]} 35. Ba3
{[%clk 0:09:34]} Kf6 {[%clk 0:00:18]} 36. a5 {[%clk 0:08:55]} bxa5
{[%clk 0:00:24]} 37. bxa5 {[%clk 0:09:03]} a6 {[%clk 0:00:17]} 38. Bb4
{[%clk 0:08:54]} Nc5+ {[%clk 0:00:14]} 39. Bxc5 {[%clk 0:09:01]} dxc5
{[%clk 0:00:22]} 40. Ng5 {[%clk 0:09:00]} Bd8 {[%clk 0:00:17]} 41. Ka4
{[%clk 0:08:59]} Be7 {[%clk 0:00:17]} 42. Kb3 {[%clk 0:09:06]} Bf8
{[%clk 0:00:14]} 43. Nh7+ {[%clk 0:08:40]} Ke7 {[%clk 0:00:12]} 44. Nxf8
{[%clk 0:08:32]} Kxf8 {[%clk 0:00:18]} 45. Kc2 {[%clk 0:08:41]} Kf7
{[%clk 0:00:21]} 46. Kd2 {[%clk 0:08:50]} Kf6 {[%clk 0:00:17]} 47. Ke2
{[%clk 0:08:59]} g5 {[%clk 0:00:15]} 1/2-1/2

[Event "c14"]
[Site "?"]
[Date "2020.08.25"]
[Round "7.8"]
[White "Kazmierowski, Tymon"]
[Black "Madajczak, Piotr"]
[Result "0-1"]
[BlackElo "1703"]
[WhiteElo "1574"]
[LiveChessVersion "1.4.8"]

1. Nf3 {[%clk 0:15:18]} f5 {[%clk 0:15:17]} 2. d3 {[%clk 0:15:23]} d6
{[%clk 0:15:22]} 3. g3 {[%clk 0:15:24]} e5 {[%clk 0:15:27]} 4. Bg2
{[%clk 0:15:32]} g6 {[%clk 0:15:33]} 5. Bg5 {[%clk 0:15:19]} Nf6 {[%clk 0:15:16]}
6. O-O {[%clk 0:15:18]} Bg7 {[%clk 0:15:08]} 7. Nc3 {[%clk 0:14:49]} c6
{[%clk 0:13:47]} 8. e4 {[%clk 0:14:38]} h6 {[%clk 0:13:20]} 9. Bxf6
{[%clk 0:13:51]} Qxf6 {[%clk 0:13:21]} 10. exf5 {[%clk 0:13:23]} gxf5
{[%clk 0:12:53]} 11. Nh4 {[%clk 0:13:17]} O-O {[%clk 0:12:51]} 12. f4
{[%clk 0:13:20]} Na6 {[%clk 0:11:07]} 13. Qe2 {[%clk 0:11:47]} d5
{[%clk 0:08:25]} 14. fxe5 {[%clk 0:10:47]} Qxe5 {[%clk 0:08:34]} 15. Qxe5
{[%clk 0:10:48]} Bxe5 {[%clk 0:08:42]} 16. Rae1 {[%clk 0:10:56]} Bd6
{[%clk 0:07:36]} 17. Ng6 {[%clk 0:10:04]} Rf7 {[%clk 0:07:04]} 18. Re8+
{[%clk 0:08:35]} Kg7 {[%clk 0:07:04]} 19. Nf4 {[%clk 0:08:30]} Nc7
{[%clk 0:06:57]} 20. Re2 {[%clk 0:07:02]} Bd7 {[%clk 0:05:51]} 21. Rfe1
{[%clk 0:06:21]} Re8 {[%clk 0:03:54]} 22. Rxe8 {[%clk 0:05:17]} Nxe8
{[%clk 0:04:02]} 23. Bh3 {[%clk 0:03:47]} Nf6 {[%clk 0:02:12]} 24. Ne6+
{[%clk 0:03:21]} Bxe6 {[%clk 0:02:08]} 25. Rxe6 {[%clk 0:03:30]} Bc5+
{[%clk 0:02:17]} 26. Kg2 {[%clk 0:02:27]} Ng4 {[%clk 0:02:19]} 27. Na4
{[%clk 0:02:11]} Bf8 {[%clk 0:01:24]} 28. d4 {[%clk 0:01:59]} Re7
{[%clk 0:00:44]} 29. Rxe7+ {[%clk 0:00:59]} Bxe7 {[%clk 0:00:53]} 30. Bxg4
{[%clk 0:00:58]} fxg4 {[%clk 0:01:02]} 31. Kf2 {[%clk 0:00:59]} b6
{[%clk 0:00:55]} 32. Ke3 {[%clk 0:00:54]} Bg5+ {[%clk 0:01:03]} 33. Kd3
{[%clk 0:01:01]} Kf6 {[%clk 0:01:11]} 34. c4 {[%clk 0:01:04]} dxc4+
{[%clk 0:01:18]} 35. Kc3 {[%clk 0:01:10]} Ke6 {[%clk 0:01:15]} 36. Kb4
{[%clk 0:00:46]} Be7+ {[%clk 0:01:19]} 37. Kc3 {[%clk 0:00:48]} b5
{[%clk 0:01:01]} 38. Nc5+ {[%clk 0:00:47]} Bxc5 {[%clk 0:01:10]} 39. dxc5
{[%clk 0:00:56]} Kd5 {[%clk 0:01:20]} 40. Kb4 {[%clk 0:01:02]} Kd4
{[%clk 0:01:14]} 41. a3 {[%clk 0:01:10]} Kd5 {[%clk 0:01:22]} 0-1

[Event "c14"]
[Site "?"]
[Date "2020.08.25"]
[Round "7.9"]
[White "Backiel, Hubert"]
[Black "Ciszewski, Krzysztof"]
[Result "1/2-1/2"]
[BlackElo "1552"]
[WhiteElo "1693"]
[LiveChessVersion "1.4.8"]

1. e4 {[%clk 0:15:19]} e6 {[%clk 0:15:18]} 2. d4 {[%clk 0:15:26]} d5
{[%clk 0:15:27]} 3. Nc3 {[%clk 0:15:35]} Bb4 {[%clk 0:15:34]} 4. exd5
{[%clk 0:15:44]} exd5 {[%clk 0:15:42]} 5. Bd3 {[%clk 0:15:52]} Nf6
{[%clk 0:15:43]} 6. Nge2 {[%clk 0:15:58]} O-O {[%clk 0:13:14]} 7. O-O
{[%clk 0:16:05]} c6 {[%clk 0:12:54]} 8. Ng3 {[%clk 0:16:04]} Bg4 {[%clk 0:12:30]}
9. f3 {[%clk 0:15:50]} Be6 {[%clk 0:12:37]} 10. Nce2 {[%clk 0:15:58]} Bd6
{[%clk 0:12:29]} 11. c3 {[%clk 0:15:40]} Qc7 {[%clk 0:12:14]} 12. Bg5
{[%clk 0:15:18]} Nbd7 {[%clk 0:11:55]} 13. Qd2 {[%clk 0:15:16]} Rfe8
{[%clk 0:08:28]} 14. f4 {[%clk 0:14:03]} Bg4 {[%clk 0:07:43]} 15. Rae1
{[%clk 0:09:27]} Bxe2 {[%clk 0:06:11]} 16. Rxe2 {[%clk 0:09:35]} Rxe2
{[%clk 0:05:49]} 17. Qxe2 {[%clk 0:09:43]} h6 {[%clk 0:04:46]} 18. Qf3
{[%clk 0:08:25]} Ne4 {[%clk 0:04:01]} 19. Nxe4 {[%clk 0:08:07]} hxg5
{[%clk 0:03:12]} 20. Nxd6 {[%clk 0:07:01]} Qxd6 {[%clk 0:03:17]} 21. fxg5
{[%clk 0:07:08]} Qe6 {[%clk 0:02:24]} 22. g6 {[%clk 0:05:17]} fxg6
{[%clk 0:02:02]} 23. Qg3 {[%clk 0:05:04]} Rf8 {[%clk 0:01:46]} 24. Re1
{[%clk 0:04:45]} Qf6 {[%clk 0:01:33]} 25. Bxg6 {[%clk 0:01:47]} c5
{[%clk 0:01:19]} 26. dxc5 {[%clk 0:00:46]} Nxc5 {[%clk 0:01:26]} 27. h3
{[%clk 0:00:53]} Ne6 {[%clk 0:00:40]} 28. Kh2 {[%clk 0:00:48]} Nf4
{[%clk 0:00:32]} 29. Bb1 {[%clk 0:00:45]} Nh5 {[%clk 0:00:40]} 30. Qg4
{[%clk 0:00:36]} Qd6+ {[%clk 0:00:34]} 31. Kg1 {[%clk 0:00:41]} Qc5+
{[%clk 0:00:34]} 32. Kh1 {[%clk 0:00:45]} Qf2 {[%clk 0:00:27]} 33. Qe6+
{[%clk 0:00:31]} Kh8 {[%clk 0:00:35]} 34. Qe3 {[%clk 0:00:37]} Ng3+
{[%clk 0:00:41]} 35. Kh2 {[%clk 0:00:45]} Nf1+ {[%clk 0:00:49]} 36. Rxf1
{[%clk 0:00:47]} Qxf1 {[%clk 0:00:56]} 1/2-1/2

[Event "c14"]
[Site "?"]
[Date "2020.08.25"]
[Round "7.10"]
[White "Wnek, Filip"]
[Black "Gromek, Pawel"]
[Result "1-0"]
[BlackElo "1544"]
[WhiteElo "1673"]
[LiveChessVersion "1.4.8"]

1. e4 {[%clk 0:15:17]} e6 {[%clk 0:15:18]} 2. d4 {[%clk 0:15:25]} d5
{[%clk 0:15:26]} 3. Nd2 {[%clk 0:15:33]} Nf6 {[%clk 0:15:35]} 4. e5
{[%clk 0:15:41]} Nfd7 {[%clk 0:15:43]} 5. Bd3 {[%clk 0:15:49]} c5
{[%clk 0:15:52]} 6. c3 {[%clk 0:15:57]} Nc6 {[%clk 0:15:58]} 7. Ne2
{[%clk 0:16:05]} cxd4 {[%clk 0:15:44]} 8. cxd4 {[%clk 0:16:13]} Bb4
{[%clk 0:15:45]} 9. O-O {[%clk 0:16:07]} Bxd2 {[%clk 0:15:13]} 10. Bxd2
{[%clk 0:16:02]} Qb6 {[%clk 0:15:09]} 11. Bc3 {[%clk 0:16:02]} a6
{[%clk 0:14:26]} 12. Qd2 {[%clk 0:15:54]} Qc7 {[%clk 0:13:28]} 13. Qg5
{[%clk 0:15:46]} g6 {[%clk 0:12:08]} 14. a4 {[%clk 0:15:47]} Qd8 {[%clk 0:10:39]}
15. Qh6 {[%clk 0:15:13]} Qe7 {[%clk 0:10:20]} 16. Nf4 {[%clk 0:15:16]} Qf8
{[%clk 0:09:46]} 17. Qh3 {[%clk 0:15:20]} Nb6 {[%clk 0:08:15]} 18. a5
{[%clk 0:14:26]} Nc4 {[%clk 0:08:04]} 19. b3 {[%clk 0:14:00]} Na3
{[%clk 0:07:19]} 20. Rfc1 {[%clk 0:12:24]} Nb5 {[%clk 0:05:58]} 21. Bxb5
{[%clk 0:11:22]} axb5 {[%clk 0:06:06]} 22. Nd3 {[%clk 0:11:14]} b4
{[%clk 0:03:59]} 23. Bd2 {[%clk 0:10:08]} Bd7 {[%clk 0:01:53]} 24. Qe3
{[%clk 0:08:21]} Qe7 {[%clk 0:01:14]} 25. Nc5 {[%clk 0:07:59]} O-O
{[%clk 0:00:51]} 26. Nxb7 {[%clk 0:06:51]} Rfb8 {[%clk 0:00:23]} 27. Nc5
{[%clk 0:06:57]} Nxa5 {[%clk 0:00:25]} 28. Qh6 {[%clk 0:06:41]} Bb5
{[%clk 0:00:17]} 29. Bg5 {[%clk 0:04:45]} Qf8 {[%clk 0:00:14]} 30. Qh3
{[%clk 0:04:53]} 1-0

[Event "c14"]
[Site "?"]
[Date "2020.08.25"]
[Round "7.11"]
[White "Janeczko, Jakub"]
[Black "Starosciak, Szymon"]
[Result "1/2-1/2"]
[BlackElo "1543"]
[WhiteElo "1661"]
[LiveChessVersion "1.4.8"]

1. e4 {[%clk 0:15:19]} c5 {[%clk 0:15:19]} 2. d3 {[%clk 0:15:27]} Nc6
{[%clk 0:15:26]} 3. g3 {[%clk 0:15:36]} g6 {[%clk 0:15:35]} 4. Bg2
{[%clk 0:15:33]} Bg7 {[%clk 0:15:43]} 5. f4 {[%clk 0:15:42]} d6 {[%clk 0:15:48]}
6. Nf3 {[%clk 0:15:48]} e6 {[%clk 0:15:35]} 7. O-O {[%clk 0:15:48]} Nge7
{[%clk 0:15:43]} 8. c3 {[%clk 0:15:52]} O-O {[%clk 0:15:40]} 9. Na3
{[%clk 0:15:53]} Rb8 {[%clk 0:15:45]} 10. Be3 {[%clk 0:15:22]} b5
{[%clk 0:15:50]} 11. Nc2 {[%clk 0:13:47]} b4 {[%clk 0:15:42]} 12. cxb4
{[%clk 0:11:23]} Nxb4 {[%clk 0:15:37]} 13. Rb1 {[%clk 0:09:00]} Nxa2
{[%clk 0:13:41]} 14. d4 {[%clk 0:09:07]} cxd4 {[%clk 0:13:11]} 15. Bxd4
{[%clk 0:09:15]} Bxd4+ {[%clk 0:12:52]} 16. Qxd4 {[%clk 0:09:23]} Qb6
{[%clk 0:12:53]} 17. Rfd1 {[%clk 0:09:02]} Qxd4+ 18. Nfxd4 {[%clk 0:07:45]} Nb4
{[%clk 0:11:47]} 19. Na3 {[%clk 0:07:52]} Bd7 {[%clk 0:10:37]} 20. Bf1
{[%clk 0:07:51]} d5 {[%clk 0:10:16]} 21. e5 {[%clk 0:07:46]} Nf5 {[%clk 0:10:09]}
22. Nxf5 {[%clk 0:07:31]} gxf5 {[%clk 0:10:16]} 23. Rbc1 {[%clk 0:06:51]} Rfc8
{[%clk 0:10:08]} 24. Kf2 {[%clk 0:06:34]} Ba4 {[%clk 0:07:53]} 25. Rxc8+
{[%clk 0:06:38]} Rxc8 {[%clk 0:08:02]} 26. Rd4 {[%clk 0:06:47]} a5
{[%clk 0:08:11]} 27. Rd2 {[%clk 0:05:15]} Rc1 {[%clk 0:06:18]} 28. Bb5
{[%clk 0:04:39]} Bb3 {[%clk 0:04:52]} 29. Ke3 {[%clk 0:04:31]} Kf8
{[%clk 0:03:45]} 30. Kd4 {[%clk 0:04:34]} Ke7 {[%clk 0:03:48]} 31. Ke3
{[%clk 0:04:35]} f6 {[%clk 0:02:43]} 32. exf6+ {[%clk 0:04:43]} Kxf6
{[%clk 0:02:52]} 33. Kd4 {[%clk 0:04:35]} Ke7 {[%clk 0:02:02]} 34. Re2
{[%clk 0:04:12]} Kd6 {[%clk 0:02:02]} 35. Rd2 {[%clk 0:02:44]} Rc8
{[%clk 0:00:38]} 36. Be2 {[%clk 0:02:24]} Nc2+ {[%clk 0:00:34]} 37. Nxc2
{[%clk 0:02:07]} Bxc2 {[%clk 0:00:42]} 38. Bb5 {[%clk 0:01:32]} Bb3
{[%clk 0:00:23]} 39. Rd3 {[%clk 0:01:12]} Bc4 {[%clk 0:00:18]} 40. Rc3
{[%clk 0:01:18]} Rb8 {[%clk 0:00:13]} 41. Bxc4 {[%clk 0:01:16]} dxc4
{[%clk 0:00:21]} 42. Rc2 {[%clk 0:00:54]} Rb4 {[%clk 0:00:30]} 43. Kc3
{[%clk 0:01:00]} Kc5 {[%clk 0:00:26]} 44. Re2 {[%clk 0:01:05]} Rb3+
{[%clk 0:00:21]} 45. Kc2 {[%clk 0:01:14]} Rb6 {[%clk 0:00:29]} 46. Kc3
{[%clk 0:01:16]} Rb3+ {[%clk 0:00:29]} 47. Kc2 {[%clk 0:01:25]} Kd6
{[%clk 0:00:18]} 48. Rd2+ {[%clk 0:01:30]} Ke7 {[%clk 0:00:19]} 49. Rd4
{[%clk 0:01:21]} Rf3 {[%clk 0:00:13]} 50. Rxc4 {[%clk 0:01:24]} Rf2+
{[%clk 0:00:22]} 51. Kb3 {[%clk 0:01:28]} Rxh2 {[%clk 0:00:30]} 52. Ka3
{[%clk 0:01:08]} Rd2 {[%clk 0:00:15]} 53. Rc3 {[%clk 0:01:13]} Rd4
{[%clk 0:00:16]} 54. Rc7+ {[%clk 0:00:52]} Kd6 {[%clk 0:00:26]} 55. Rxh7
{[%clk 0:01:01]} Rd3+ {[%clk 0:00:35]} 56. Ka4 {[%clk 0:01:10]} Rxg3
{[%clk 0:00:36]} 57. Kxa5 {[%clk 0:01:15]} Rb3 {[%clk 0:00:45]} 58. Rh2
{[%clk 0:01:23]} Rf3 {[%clk 0:00:38]} 59. b4 {[%clk 0:01:22]} Rxf4
{[%clk 0:00:46]} 60. b5 {[%clk 0:01:30]} Rf1 {[%clk 0:00:47]} 61. Rd2+
{[%clk 0:01:39]} Kc5 {[%clk 0:00:32]} 62. Rc2+ {[%clk 0:01:47]} Kd4
{[%clk 0:00:41]} 63. Rb2 {[%clk 0:01:31]} Ra1+ {[%clk 0:00:35]} 64. Kb6
{[%clk 0:01:36]} e5 {[%clk 0:00:38]} 65. Kc7 {[%clk 0:01:44]} Rc1+
{[%clk 0:00:46]} 66. Kd7 {[%clk 0:01:48]} Kc3 {[%clk 0:00:48]} 67. Re2
{[%clk 0:01:44]} e4 {[%clk 0:00:26]} 68. Rf2 {[%clk 0:01:53]} e3 {[%clk 0:00:20]}
69. Rxf5 {[%clk 0:02:02]} Rb1 {[%clk 0:00:13]} 70. Kc6 {[%clk 0:01:53]} Kd4
{[%clk 0:00:17]} 71. Rd5+ {[%clk 0:01:53]} Kc4 {[%clk 0:00:21]} 72. Re5
{[%clk 0:01:53]} Kd3 {[%clk 0:00:22]} 73. b6 {[%clk 0:01:57]} Ke4
{[%clk 0:15:10]} 1/2-1/2

[Event "c14"]
[Site "?"]
[Date "2020.08.25"]
[Round "7.12"]
[White "Bogusz, Alan"]
[Black "Pancewicz, Szymon"]
[Result "0-1"]
[BlackElo "1521"]
[WhiteElo "1626"]
[LiveChessVersion "1.4.8"]

1. e4 {[%clk 0:15:18]} c5 {[%clk 0:15:00]} 2. Nf3 {[%clk 0:15:24]} e6
{[%clk 0:15:07]} 3. Nc3 {[%clk 0:15:27]} Nc6 {[%clk 0:15:10]} 4. d4
{[%clk 0:15:35]} cxd4 {[%clk 0:14:48]} 5. Nxd4 {[%clk 0:15:43]} Nf6
{[%clk 0:14:46]} 6. Nxc6 {[%clk 0:15:43]} bxc6 {[%clk 0:14:53]} 7. Bd3
{[%clk 0:15:48]} d5 {[%clk 0:14:50]} 8. O-O {[%clk 0:15:43]} Be7 {[%clk 0:13:57]}
9. Qe2 {[%clk 0:15:34]} O-O {[%clk 0:13:06]} 10. Kh1 {[%clk 0:15:17]} c5
{[%clk 0:12:17]} 11. b3 {[%clk 0:15:06]} Bb7 {[%clk 0:09:41]} 12. e5
{[%clk 0:14:59]} Nd7 {[%clk 0:09:07]} 13. f4 {[%clk 0:14:57]} Qc7
{[%clk 0:07:08]} 14. Bb2 {[%clk 0:13:14]} Rfc8 {[%clk 0:04:42]} 15. Nb5
{[%clk 0:12:23]} Qc6 {[%clk 0:04:21]} 16. c4 {[%clk 0:12:07]} d4 {[%clk 0:03:48]}
17. Rf3 {[%clk 0:11:50]} a6 {[%clk 0:03:20]} 18. Na3 {[%clk 0:11:56]} Bf8
{[%clk 0:02:04]} 19. Raf1 {[%clk 0:10:44]} g6 {[%clk 0:01:53]} 20. Rg3
{[%clk 0:10:47]} Bg7 {[%clk 0:01:41]} 21. h4 {[%clk 0:10:51]} f5 {[%clk 0:00:57]}
22. exf6 {[%clk 0:10:45]} Nxf6 {[%clk 0:01:05]} 23. Rg5 {[%clk 0:10:08]} Ne4
{[%clk 0:00:47]} 24. Bxe4 {[%clk 0:09:33]} Qxe4 {[%clk 0:00:56]} 25. Qxe4
{[%clk 0:09:26]} Bxe4 {[%clk 0:01:03]} 26. h5 {[%clk 0:09:20]} Bf6
{[%clk 0:00:54]} 27. Rg3 {[%clk 0:08:58]} Kf7 28. hxg6+ {[%clk 0:08:38]} hxg6
{[%clk 0:00:57]} 29. Rh3 {[%clk 0:08:42]} Rh8 {[%clk 0:01:04]} 30. Kh2
{[%clk 0:08:25]} Rxh3+ {[%clk 0:01:09]} 31. gxh3 {[%clk 0:08:32]} Rh8
{[%clk 0:01:08]} 32. Bc1 {[%clk 0:06:05]} Bf5 {[%clk 0:01:05]} 33. Rf3
{[%clk 0:06:07]} e5 {[%clk 0:01:02]} 34. fxe5 {[%clk 0:05:54]} Bxe5+
{[%clk 0:01:11]} 35. Bf4 {[%clk 0:05:35]} Bxf4+ {[%clk 0:01:01]} 36. Rxf4
{[%clk 0:05:44]} Rxh3+ {[%clk 0:01:08]} 37. Kg2 {[%clk 0:05:45]} Re3
{[%clk 0:01:10]} 38. Rf2 {[%clk 0:05:28]} Ke6 {[%clk 0:01:07]} 39. Nc2
{[%clk 0:05:21]} Be4+ {[%clk 0:01:04]} 40. Kg1 {[%clk 0:05:05]} Rg3+
{[%clk 0:01:09]} 41. Kh2 {[%clk 0:05:06]} Rf3 {[%clk 0:00:55]} 42. Rxf3
{[%clk 0:04:27]} Bxf3 {[%clk 0:01:03]} 43. Kg3 {[%clk 0:04:13]} Be4
{[%clk 0:01:00]} 44. Na3 {[%clk 0:04:16]} Kf5 {[%clk 0:00:51]} 45. Kf2
{[%clk 0:04:18]} Kf4 {[%clk 0:00:58]} 0-1